LEADER 01437nam2 2200313 450 001 000035753 005 20180711125120.0 100 $a20140113d1938----km-y0itaa50------ba 101 0 $aita 102 $aIT 200 1 $aRelazione finale$el'ascesa del contadino italiano nel dopo-guerra$fGiovanni Lorenzoni 210 $aRoma$cIstituto nazionale di economia agraria$d1938 215 $a442 p.$d27 cm. 316 $aIn testa al frontespizio dell'esemplare FVig/T41123: Gioacchino Viggiani 15 luglio 194? 461 1$1001000035751$12001$aInchiesta sulla piccola proprietą coltivatrice formatasi nel dopoguerra$v15 606 1 $aProprietą fondiaria$yItalia$z1931-1943 676 $a338.10945$v(22. ed.)$9Produzione. Agricoltura. Italia 676 $a333.3$v(22. ed.)$9Economia della terra (economia fondiaria). Proprietą privata della terra 700 1$aLorenzoni,$bGiovanni$f<1873-1944>$0446694 801 0$aIT$bUniversitą della Basilicata - B.I.A.$gREICAT$2unimarc 912 $a000035753 996 $aRelazione finale$9102050 997 $aUNIBAS CAT $aSTD093$b01$c20140113$lBAS01$h0943 CAT $aTTM$b30$c20140210$lBAS01$h1429 CAT $aTTM$b30$c20140210$lBAS01$h1431 CAT $aATR$b20$c20180711$lBAS01$h1251 FMT Z30 -1$lBAS01$LBAS01$mBOOK$1BASA2$APolo Tecnico-Scientifico$2FVIG$BFondo Viggiani$3FVig/41123$641123$5T41123$7Collocato presso la Scuola di Agraria$820140113$f35$FStanza riservata LEADER 01677nam0 22002771i 450 001 RML0314876 005 20231121125753.0 100 $a20121121d2010 ||||0itac50 ba 101 | $aita 102 $ait 181 1$6z01$ai $bxxxe 182 1$6z01$an 200 1 $a˜La œ"suitas" nel sistema penale italiano$fMassimo Luigi Ferrante 210 $aNapoli $cEditoriale Scientifica $d©2010 215 $aXV, 220 p.$d24 cm 606 $aDiritto penale$2FIR$3RMLC090049$9I 676 $a345.45$9$v21 700 1$aFerrante$b, Massimo Luigi$3RMLV189103$0259000 801 3$aIT$bIT-01$c20121121 850 $aIT-FR0098 899 $aBiblioteca Area Giuridico Economica$bFR0098 912 $aRML0314876 950 0$aBiblioteca Area Giuridico Economica$d 53DSG 19/143$e 53VM 0000854805 VM barcode:BAGE019289. - Inventario:269. - Fondo:Sala consultazioneVM$fA $h20101020$i20121204$d 53DSG 19/143 quinquies$e 53VM 0000854795 VM barcode:BAGE019285. - Inventario:268. - Fondo:Sala consultazioneVM$fB $h20101020$i20121204$d 53DSG 19/143 bis$e 53VM 0000854785 VM barcode:BAGE019288. - Inventario:265. - Fondo:Sala consultazioneVM$fA $h20101020$i20121204$d 53DSG 19/143 quater$e 53VM 0000854775 VM barcode:BAGE019286. - Inventario:267. - Fondo:Sala consultazioneVM$fB $h20101020$i20121204$d 53DSG 19/143 ter$e 53VM 0000854765 VM barcode:BAGE019287. - Inventario:266. - Fondo:Sala consultazioneVM$fB $h20101020$i20121204 977 $a 53 996 $a"suitas" nel sistema penale italiano$9768664 997 $aUNICAS